Malaysia franchise directory.
| Corporate Author: | |
|---|---|
| Format: | Book |
| Published: |
Petaling Jaya:
Malaysian Franchise Association(MFA),
2003.
|
| Edition: | 4th ed. |
| Subjects: |
| LEADER | 00520cam a2200169 7i4500 | ||
|---|---|---|---|
| 001 | 0000014282 | ||
| 005 | 20040802090000.0 | ||
| 020 | 0 | 0 | |a 16755375 |
| 090 | 0 | 0 | |a M 381.13025 |b MAL |
| 110 | 2 | 0 | |a Malaysian Franchise Association (MFA) |
| 245 | 2 | 0 | |a Malaysia franchise directory. |
| 250 | 0 | 0 | |a 4th ed. |
| 260 | 0 | 0 | |a Petaling Jaya: |b Malaysian Franchise Association(MFA), |c 2003. |
| 300 | # | # | |a 157 p. |
| 650 | 0 | 0 | |a Franchise -- |x Directories -- |z Malaysia |
| 651 | 0 | 0 | |a Malaysia |
| 999 | |a 0000016066 |b Book |c Malaysia |e Business Information Centre | ||